| 000 | 00922cam a22002774a 4500 | ||
|---|---|---|---|
| 001 | 4994324 | ||
| 005 | 20180306031841.0 | ||
| 008 | 990609s2000 paua b 001 0 eng | ||
| 010 | _a 99016752 | ||
| 020 | _a0721679048 | ||
| 040 |
_aDLC _cDLC _dDLC |
||
| 041 | _aeng | ||
| 042 | _apcc | ||
| 080 | _a615.854 mah | ||
| 082 | 0 | 0 |
_a615.854 mah _221 |
| 100 | _a5 | ||
| 101 | _anut | ||
| 245 | 0 | 0 |
_aKrause's food, nutrition, & diet therapy / _cedited by L. Kathleen Mahan, Sylvia Escott-Stump. |
| 246 | 3 | 0 | _aFood, nutrition, & diet therapy |
| 246 | 3 | 0 | _aKrause's food, nutrition, and diet therapy |
| 246 | 3 | 0 | _aFood, nutriton, and diet therapy |
| 504 | _aIncludes bibliographical references and index. | ||
| 906 |
_a7 _bcbc _corignew _d1 _eocip _f19 _gy-gencatlg |
||
| 942 |
_2ddc _cBK |
||
| 999 |
_c44109 _d44109 |
||